00238 a2200073 4500020001800000082001600018100002400034245010600058 a9781402778612 a530.09 PICK aCliford A. Pickover aThe physics book : from the big bang to quantum resurrection,250 milestones in the history of physics